| 000 | 00380nam a2200145Ia 4500 | ||
|---|---|---|---|
| 008 | 150201s2003 xx 000 0 und d | ||
| 082 |
_a617.6 _bO2003M |
||
| 100 | _aMARZOUK | ||
| 245 | _aOPERATIVE DENTISTRY : MODERN THEORY & PRACTICE | ||
| 250 | _a1ST | ||
| 260 |
_bAITBS _aDELHI _c2003 |
||
| 300 | _a1-477 | ||
| 650 | _aCONSERVATIVE DENTISTRY & ENDODONTICS | ||
| 942 |
_2ddc _cBK _01 |
||
| 999 |
_c2871 _d2871 |
||